[Event "46th Capablanca Memorial Open A"]
[Site "Havana CUB"]
[Date "2011.05.19"]
[Round "8.27"]
[White "Gomez Fontal, Felix Manuel"]
[Black "Espinoza Palomino, Willyam"]
[Result "1-0"]
[WhiteTitle "IM"]
[BlackTitle "FM"]
[WhiteElo "2417"]
[BlackElo "2295"]
[WhiteFideId "3500357"]
[BlackFideId "3804852"]
[EventDate "2011.05.11"]

1. d4 Nf6 2. Nf3 e6 3. e3 b6 4. Bd3 Bb7 5. O-O Be7 6. Nbd2 c5 7. c3 Nc6 8. e4 d6
9. a3 O-O 10. Qe2 e5 11. d5 Nb8 12. Ne1 Nbd7 13. g3 Ne8 14. f4 exf4 15. gxf4 g6
16. c4 Bf6 17. Ndf3 Qe7 18. Rb1 Ng7 19. Ng2 Nh5 20. Be3 Bg7 21. Rbe1 Rae8 22.
Qc2 Qd8 23. Bd2 Bc8 24. b4 Qc7 25. Qa4 Nb8 26. f5 Nf6 27. Bf4 Ng4 28. Ne3 Nxe3
29. Rxe3 Bd7 30. Qb3 Bc8 31. Qa4 Bd7 32. Qd1 Bc8 33. Qe1 Nd7 34. Qh4 Nf6 35. e5
dxe5 36. Bxe5 Qd8 37. Ng5 h6 38. Nf3 g5 39. Nxg5 hxg5 40. Qxg5 Rxe5 41. Rxe5 Re8
42. Rxe8+ Qxe8 43. bxc5 bxc5 44. Kh1 Nh7 45. Qg3 Qe5 46. Re1 Qxg3 47. Re8+ Nf8
48. hxg3 Bd7 49. Ra8 Be5 50. Kg2 Kg7 51. Rxa7 Kf6 52. a4 Ke7 53. Ra8 Be8 54. f6+
Bxf6 55. d6+ Kd7 56. Bf5+ Ne6 57. a5 Bd8 58. a6 Kxd6 59. Be4 Bc6 60. Bxc6 Kxc6
61. Rb8 Bb6 62. Kf3 Ng5+ 63. Kg4 Ne4 64. Rc8+ Kd7 65. Rf8 Nd6 66. Kg5 f5 67. Rg8
Kc7 68. Kf6 Nxc4 69. Kxf5 Ba7 70. Ke4 Kb6 71. Rg6+ Kb5 72. g4 Nd2+ 73. Kd5 c4
74. Rc6 Nf1 75. Rc7 Kxa6 76. g5 Ne3+ 77. Ke4 Bb6 78. Rc6 Ng4 79. Rxc4 Bd8 80. g6
Nh6 81. Ke5 Kb7 82. Ke6 Bg5 83. g7 Ng8 84. Kf7 Nh6+ 85. Kg6 Be3 86. Rh4 Ng8 87.
Kf7 Bg5 88. Rb4+ 1-0

[Event "46th Capablanca Memorial Open A"]
[Site "Havana CUB"]
[Date "2011.05.19"]
[Round "8.28"]
[White "Ruiz Sanchez, Orlen"]
[Black "Pulvett, Daniel"]
[Result "1/2-1/2"]
[WhiteTitle "FM"]
[BlackTitle "IM"]
[WhiteElo "2392"]
[BlackElo "2282"]
[WhiteFideId "3506231"]
[BlackFideId "3900410"]
[EventDate "2011.05.11"]

1. e4 c5 2. Nf3 d6 3. d4 cxd4 4. Nxd4 Nf6 5. Nc3 g6 6. Be3 Bg7 7. f3 O-O 8. Qd2
Nc6 9. g4 Be6 10. Nxe6 fxe6 11. O-O-O Ne5 12. Be2 Rc8 13. Nb5 a6 14. Nd4 Qd7 15.
Kb1 Nc4 16. Bxc4 Rxc4 17. h4 Rfc8 18. c3 b5 19. h5 e5 20. Ne2 Qe6 21. Ng3 a5 22.
hxg6 hxg6 23. Rc1 Kf7 24. Qd3 Nd7 25. b3 R4c7 26. Qxb5 Rb8 27. Qd5 Qxd5 28. exd5
a4 29. b4 Nf6 30. Rhd1 Rb5 31. a3 Nxd5 32. Bc5 Rcxc5 33. c4 Rxc4 34. Rxc4 Ne3
35. Rdc1 Nxc4 36. Rxc4 d5 37. Rc6 e4 38. fxe4 Be5 39. Nf1 dxe4 40. Rc4 Kf6 41.
Rxe4 Kg5 42. Ne3 Kh4 43. Nc4 Bf6 44. Kc2 Rg5 45. Kd3 Rxg4 46. b5 Rxe4 47. Kxe4
e6 48. Ne5 g5 49. b6 Bd8 50. b7 Bc7 51. Nf3+ Kh5 52. Nd4 g4 53. Nxe6 Bb8 54. Nc5
Kh4 55. Nxa4 g3 56. Nc3 g2 57. Ne2 Kg4 58. a4 Ba7 59. a5 Bb8 60. Ke3 Ba7+ 61.
Kd3 Kf3 62. Kd2 Kf2 63. a6 Kf1 64. Kd3 Ke1 65. Ng1 Kf2 66. Nh3+ Kg3 67. Ng1 Kf2
68. Ne2 Ke1 69. Ng1 Kf2 1/2-1/2

[Event "46th Capablanca Memorial Open A"]
[Site "Havana CUB"]
[Date "2011.05.19"]
[Round "8.29"]
[White "Leyva Rivera, Yunier"]
[Black "Zavarce, Oscar Enrique"]
[Result "1-0"]
[WhiteTitle "FM"]
[BlackTitle "FM"]
[WhiteElo "2382"]
[BlackElo "2223"]
[WhiteFideId "3505065"]
[BlackFideId "3902501"]
[EventDate "2011.05.11"]

1. d4 Nf6 2. c4 e6 3. Nf3 b6 4. g3 Bb7 5. Bg2 Bb4+ 6. Bd2 Bxd2+ 7. Qxd2 d6 8.
Nc3 Nbd7 9. O-O O-O 10. Qc2 Qe7 11. e4 e5 12. d5 a5 13. a3 Ba6 14. Nd2 Rfb8 15.
b4 Nf8 16. Rfc1 Bc8 17. Nd1 N6d7 18. Nb2 Ra7 19. Nd3 g6 20. c5 bxc5 21. bxc5 Ba6
22. Nc4 Bxc4 23. Qxc4 Nxc5 24. Nxc5 dxc5 25. Bh3 Qd6 26. Qxc5 Rb6 27. Ra2 Rb1
28. Kg2 Rxc1 29. Qxc1 Nd7 30. Bxd7 Qxd7 31. Rb2 Qa4 32. Rb8+ Kg7 33. f3 Qd4 34.
Qb2 Qxb2+ 35. Rxb2 Kf6 36. f4 exf4 37. gxf4 Ke7 38. Kf3 Kd6 39. Rb5 Ra6 40. e5+
Kd7 41. Ke4 Ra8 42. a4 h6 43. h4 Kc8 44. e6 fxe6 45. dxe6 Kd8 46. Ke5 Ke7 47.
Rd5 Rc8 48. Rd7+ Kf8 49. Kf6 c5 50. Rh7 Kg8 51. Rg7+ Kh8 52. Kxg6 c4 53. f5 c3
54. f6 1-0

[Event "46th Capablanca Memorial Open A"]
[Site "Havana CUB"]
[Date "2011.05.19"]
[Round "8.30"]
[White "Torres Rosas, Luis Carlos"]
[Black "Ordaz Valdes, Lisandra Teresa"]
[Result "0-1"]
[WhiteTitle "CM"]
[BlackTitle "WIM"]
[WhiteElo "2129"]
[BlackElo "2348"]
[WhiteFideId "5111080"]
[BlackFideId "3506940"]
[EventDate "2011.05.11"]

1. d4 Nf6 2. c4 e6 3. Nf3 d5 4. Nc3 Be7 5. Bg5 h6 6. Bh4 O-O 7. e3 b6 8. cxd5
Nxd5 9. Bxe7 Qxe7 10. Nxd5 exd5 11. Rc1 Be6 12. Qa4 c5 13. Qa3 Rc8 14. Be2 Kf8
15. dxc5 bxc5 16. O-O a5 17. Ne5 Nc6 18. Nxc6 Rxc6 19. Rfd1 c4 20. Qa4 Rb6 21.
Bf3 Qc5 22. Qc2 Kg8 23. b3 Rab8 24. Qd2 Rb5 25. e4 d4 26. bxc4 Bxc4 27. Rxc4
Qxc4 28. Be2 Qc3 29. Bxb5 Rxb5 30. g3 Rb1 31. Kg2 Rxd1 32. Qxd1 d3 33. Kf1 Qc4
34. f3 d2+ 35. Kf2 Qxa2 36. Ke2 Kf8 37. Qxd2 Qxd2+ 38. Kxd2 Ke7 39. Kc3 Kd6 40.
Kd4 a4 41. f4 a3 42. Kc3 f6 43. Kb3 Kc5 44. Kxa3 Kd4 45. e5 fxe5 46. fxe5 Kxe5
47. Kb4 Kd4 48. Kb5 Ke4 49. Kc6 Kf3 50. Kd5 Kg2 51. Ke5 Kxh2 52. g4 Kh3 53. Kf5
g5 0-1

[Event "46th Capablanca Memorial Open A"]
[Site "Havana CUB"]
[Date "2011.05.19"]
[Round "8.31"]
[White "Mena Crespo, Carlos"]
[Black "Osorio, Fernando"]
[Result "1/2-1/2"]
[WhiteTitle "FM"]
[WhiteElo "2347"]
[BlackElo "2208"]
[WhiteFideId "3506410"]
[BlackFideId "3901114"]
[EventDate "2011.05.11"]

1. Nf3 f5 2. g3 Nf6 3. Bg2 g6 4. O-O Bg7 5. d3 d6 6. Nc3 O-O 7. e4 e5 8. exf5
gxf5 9. d4 e4 10. Ng5 Nc6 11. Ne2 Qe8 12. c3 h6 13. Nh3 Be6 14. Be3 Ne7 15. Qd2
Kh7 16. b3 Ng6 17. c4 c6 18. Rac1 Qe7 19. Nhf4 Nxf4 20. Nxf4 Bd7 21. d5 c5 22.
h3 a5 23. a4 b6 24. Rce1 Rae8 25. Qd1 Qf7 26. Bc1 Re7 27. Kh2 Rfe8 28. Be3 Bc8
29. Rh1 Nd7 30. Bf1 Bc3 31. Re2 Ne5 32. Bg2 Ng6 33. Qc1 Bd4 34. Rhe1 Nxf4 35.
Bxf4 Qf6 36. Rc2 Be5 37. h4 Bxf4 38. Qxf4 Qe5 39. Rce2 Qxf4 40. gxf4 Kg7 41. Re3
Kf6 42. Bh3 Bd7 43. h5 Rd8 44. f3 Be8 45. fxe4 fxe4 46. Bg4 Bf7 47. Kh3 Rde8 48.
Kh4 Bg8 49. Bh3 Bh7 50. Rg3 Rg7 51. Rxg7 Kxg7 52. Be6 Kf6 53. f5 Ke5 54. Bf7 Rf8
55. Bg6 Bg8 56. f6 Kxf6 57. Rxe4 Rd8 58. Kg4 Rb8 59. Bf5 Rd8 60. Be6 Bh7 61. Re3
Bc2 62. Rf3+ Ke5 63. Kg3 Bd1 64. Rf4 Bxb3 65. Kf3 Bxa4 66. Ke3 Bc2 67. Rf2 Bh7
68. Rf7 Bc2 69. Rf2 Bb1 70. Rf1 1/2-1/2

[Event "46th Capablanca Memorial Open A"]
[Site "Havana CUB"]
[Date "2011.05.19"]
[Round "8.32"]
[White "Gascon, Jose Rafael"]
[Black "Estrada Nieto, Julian"]
[Result "0-1"]
[BlackTitle "IM"]
[WhiteElo "2120"]
[BlackElo "2316"]
[WhiteFideId "3902463"]
[BlackFideId "5101018"]
[EventDate "2011.05.11"]

1. e4 e5 2. Nf3 Nc6 3. d4 exd4 4. Nxd4 Bb4+ 5. c3 Bc5 6. Nxc6 bxc6 7. Bd3 Qh4 8.
Qf3 Ne7 9. Qf4 Qxf4 10. Bxf4 d6 11. Nd2 a5 12. e5 d5 13. Ke2 O-O 14. Nb3 Bb6 15.
Be3 Ng6 16. Bxg6 hxg6 17. Nc5 Re8 18. Bd4 Rb8 19. b3 g5 20. Kd2 Bxc5 21. Bxc5
Rxe5 22. Rae1 f6 23. Bd4 Rxe1 24. Rxe1 Kf7 25. Bc5 Be6 26. h3 a4 27. b4 a3 28.
Kc2 d4 29. Bxd4 Bxa2 30. Ra1 Bd5 31. Rxa3 Bxg2 32. Ra7 Rc8 33. Bb6 Bxh3 34.
Rxc7+ Rxc7 35. Bxc7 Ke6 36. Kd3 Bg2 37. Ke3 Kf5 38. Bb8 Bd5 39. Bc7 Kg4 40. Bd6
f5 41. Be7 f4+ 42. Ke2 Bc4+ 43. Ke1 Kf5 44. Bd8 g4 45. Bc7 Ke4 46. Bd6 Kf3 47.
Bc7 g3 48. fxg3 Kxg3 0-1

[Event "46th Capablanca Memorial Open A"]
[Site "Havana CUB"]
[Date "2011.05.19"]
[Round "8.33"]
[White "Larrua Gonzalez, Fernando Oscar"]
[Black "Forgas Moreno, Yaniela"]
[Result "1-0"]
[WhiteTitle "FM"]
[BlackTitle "WFM"]
[WhiteElo "2316"]
[BlackElo "2093"]
[WhiteFideId "3510662"]
[BlackFideId "3508072"]
[EventDate "2011.05.11"]

1. e4 c5 2. Nf3 d6 3. d4 cxd4 4. Nxd4 Nf6 5. Nc3 a6 6. Bc4 e6 7. Bb3 Nbd7 8. Bg5
Qa5 9. Bxf6 Nxf6 10. O-O Be7 11. f4 Bd7 12. f5 e5 13. Nf3 Bc6 14. Qe2 O-O 15.
Rad1 b5 16. Nd5 Bxd5 17. exd5 Qb6+ 18. Kh1 a5 19. a3 Rfc8 20. c3 b4 21. axb4
axb4 22. c4 Ra7 23. Ng5 Rca8 24. h4 Ra5 25. Ne4 Qd8 26. g3 R8a7 27. Rc1 Qa8 28.
Kh2 Ra1 29. Nxf6+ Bxf6 30. c5 Rxc1 31. Rxc1 Qc8 32. c6 Bd8 33. Qd3 Bb6 34. f6 g6
35. Rf1 Bd4 36. Qd2 Bc5 37. Bc2 Ra2 38. Bf5 Qf8 39. c7 Ra8 40. c8=Q Rxc8 41.
Bxc8 Qxc8 42. Ra1 Qf8 43. Qc1 h5 44. Ra6 Kh7 45. Rc6 Qd8 46. Qg5 Bd4 47. g4 e4
48. gxh5 Bxf6 49. hxg6+ fxg6 50. Qg4 Qe7 51. Qe6 Qxe6 52. dxe6 Be5+ 53. Kg2 Kg7
54. Rc4 b3 55. Rxe4 Kf6 56. Re3 Kxe6 57. Rxb3 d5 58. Rb6+ Kf5 59. Kf3 d4 60. b4
d3 61. Rb5 Ke6 62. Rxe5+ Kxe5 63. Ke3 d2 64. Kxd2 Kd4 65. Ke2 Kc4 66. Kf3 Kxb4
67. Kf4 Kc5 68. Kg5 Kd6 69. Kxg6 Ke7 70. Kg7 1-0

[Event "46th Capablanca Memorial Open A"]
[Site "Havana CUB"]
[Date "2011.05.19"]
[Round "8.34"]
[White "Mendez Fortes, Eduardo Jesus"]
[Black "Cardenas Ballester, Maydelin"]
[Result "0-1"]
[WhiteTitle "FM"]
[BlackTitle "WFM"]
[WhiteElo "2316"]
[BlackElo "2114"]
[WhiteFideId "3502376"]
[BlackFideId "3508242"]
[EventDate "2011.05.11"]

1. e4 c5 2. Nf3 d6 3. d4 cxd4 4. Nxd4 Nf6 5. Nc3 g6 6. Bc4 Bg7 7. Be3 O-O 8. f3
Nc6 9. Qd2 Bd7 10. h4 h5 11. O-O-O Ne5 12. Bb3 Rc8 13. Bh6 Bxh6 14. Qxh6 Rxc3
15. bxc3 Qc7 16. Kb1 a5 17. f4 Nfg4 18. Qg5 a4 19. fxe5 axb3 20. cxb3 Nxe5 21.
Qd2 Bg4 22. Rc1 Qa5 23. Rhf1 Ra8 24. Rf2 Kg7 25. c4 Qb6 26. Rc2 f6 27. Nf3 Ra5
28. Qd4 Qxd4 29. Nxd4 Nd3 30. Rcd2 Nxf2 31. Rxf2 Re5 32. a4 Rxe4 33. Rd2 Kf7 34.
Kb2 Bd7 35. g3 Re3 36. c5 Rxg3 37. a5 dxc5 38. Ne2 Rg2 39. Rxd7 Rxe2+ 40. Ka3
Re1 41. Kb2 Re6 42. Rxb7 Rc6 43. Rb6 Rc8 44. a6 g5 45. hxg5 fxg5 46. a7 Ra8 47.
Ra6 h4 48. Kc3 e6 49. Kd3 h3 50. Ra2 g4 51. Ke3 g3 52. Kf3 g2 53. Kf2 Rg8 0-1

[Event "46th Capablanca Memorial Open A"]
[Site "Havana CUB"]
[Date "2011.05.19"]
[Round "8.35"]
[White "Castillo Coca, Mayrebis"]
[Black "Illas Pueyo, Leonardo"]
[Result "1-0"]
[WhiteTitle "WFM"]
[BlackTitle "FM"]
[WhiteElo "2087"]
[BlackElo "2310"]
[WhiteFideId "3511910"]
[BlackFideId "3504212"]
[EventDate "2011.05.11"]

1. d4 Nf6 2. Nf3 g6 3. Bg5 Bg7 4. e3 d6 5. Be2 h6 6. Bh4 g5 7. Bg3 Nh5 8. Nbd2
Nxg3 9. hxg3 e6 10. c3 Nd7 11. Qc2 Qe7 12. O-O-O Nf6 13. Nh2 Bd7 14. f4 O-O-O
15. e4 Kb8 16. Qb3 Bc6 17. Bd3 d5 18. e5 Nd7 19. Ng4 Nb6 20. Qc2 h5 21. Ne3 f5
22. exf6 Bxf6 23. Nf3 Be8 24. Rde1 gxf4 25. gxf4 c5 26. Nf5 Qf7 27. dxc5 Na4 28.
Nd6 Qd7 29. Bb5 1-0

[Event "46th Capablanca Memorial Open A"]
[Site "Havana CUB"]
[Date "2011.05.19"]
[Round "8.36"]
[White "Sanchez Castillo, Sarai"]
[Black "Camacho Martinez, Guillermo"]
[Result "0-1"]
[WhiteTitle "IM"]
[BlackTitle "FM"]
[WhiteElo "2268"]
[BlackElo "2336"]
[WhiteFideId "3900754"]
[BlackFideId "3502520"]
[EventDate "2011.05.11"]

1. e4 g6 2. d4 Bg7 3. Nc3 c6 4. Bg5 Qb6 5. Nf3 Qxb2 6. Bd2 Qb6 7. Rb1 Qc7 8. a4
d6 9. Bc4 e6 10. O-O Nd7 11. Re1 Ne7 12. Ba2 O-O 13. Bg5 Re8 14. Qd2 e5 15. Bh6
Nf8 16. d5 Bxh6 17. Qxh6 cxd5 18. Nxd5 Nxd5 19. Bxd5 Rb8 20. Ng5 Be6 21. Bxe6
fxe6 22. Rbd1 Rbd8 23. Rd3 Rd7 24. h4 Rg7 25. Rg3 Qxc2 26. h5 Qd2 27. Rb1 b6 28.
hxg6 Rxg6 29. Qh5 Re7 30. Rd1 Qf4 31. Rdd3 Reg7 32. Rdf3 Rxg5 33. Qe8 Rxg3 34.
fxg3 Qc1+ 35. Kf2 Qc5+ 36. Kf1 d5 37. exd5 exd5 38. Qxe5 Re7 0-1

[Event "46th Capablanca Memorial Open A"]
[Site "Havana CUB"]
[Date "2011.05.19"]
[Round "8.37"]
[White "Yanes Canizares, Alejandro"]
[Black "Fernandez Hernandez, Arturo A."]
[Result "0-1"]
[BlackTitle "FM"]
[WhiteElo "2330"]
[BlackElo "2265"]
[WhiteFideId "3506134"]
[BlackFideId "3509230"]
[EventDate "2011.05.11"]

1. e4 d6 2. d4 Nf6 3. Nc3 g6 4. Be2 Bg7 5. g4 c6 6. g5 Nfd7 7. h4 b5 8. a3 a6 9.
h5 Rg8 10. Be3 Bb7 11. hxg6 hxg6 12. Qd2 Nb6 13. f4 e6 14. Nf3 N8d7 15. f5 gxf5
16. exf5 exf5 17. O-O-O Nf8 18. Nh4 Bc8 19. Rhf1 Qc7 20. d5 c5 21. Bxb5+ axb5
22. Nxb5 Qe7 23. Bf4 Nc4 24. Qd3 Bxb2+ 25. Kb1 Nxa3+ 26. Kxb2 Qb7 27. c4 Ra4 28.
Qxa3 Rxa3 29. Kxa3 Kd8 30. Bd2 Nd7 31. Nxf5 Nb6 32. Nfxd6 Qa6+ 33. Kb3 Qa4+ 34.
Kc3 Qb4+ 35. Kc2 Qa4+ 36. Kc3 Qb4+ 37. Kd3 Qb3+ 38. Bc3 Bf5+ 39. Nxf5 Qxc4+ 40.
Kd2 Qxb5 41. Nd6 Nc4+ 42. Nxc4 Qxc4 43. Ra1 Qxd5+ 44. Kc2 Kc8 45. Bf6 Qe4+ 46.
Kc3 Re8 47. Rfc1 Re6 48. Rab1 Rd6 49. Rb3 Rd3+ 50. Kb2 Rd2+ 0-1

[Event "46th Capablanca Memorial Open A"]
[Site "Havana CUB"]
[Date "2011.05.19"]
[Round "8.38"]
[White "Marrero Lopez, Yaniet"]
[Black "Campos Vila, Milena"]
[Result "1/2-1/2"]
[WhiteTitle "WGM"]
[BlackTitle "WFM"]
[WhiteElo "2328"]
[BlackElo "2212"]
[WhiteFideId "3503950"]
[BlackFideId "3501558"]
[EventDate "2011.05.11"]

1. e4 e5 2. Nf3 Nc6 3. Bb5 a6 4. Ba4 Nf6 5. O-O Be7 6. Re1 b5 7. Bb3 O-O 8. h3
d6 9. c3 Na5 10. Bc2 c5 11. d4 Nd7 12. Kh1 Kh8 13. b3 cxd4 14. cxd4 Nc6 15. Nc3
Nf6 16. d5 Na5 17. a3 Ne8 18. Na2 Bd7 19. Nb4 g6 20. Bb2 Bf6 21. Bd3 Bg7 22. Bc1
f5 23. Ng5 Qf6 24. a4 f4 25. Nf3 Qd8 26. axb5 axb5 27. Re2 Qb6 28. Rea2 Nc7 29.
Bd2 Nb7 30. Be1 Rxa2 31. Rxa2 Ra8 32. Rxa8+ Nxa8 33. Ng5 Nc7 34. Be2 h6 35. Nf3
Nc5 36. Nd2 N5a6 37. Nxa6 Qxa6 38. Bg4 Be8 39. b4 Qb6 40. Nb3 Kh7 41. Na5 Bf6
42. Qc2 Kh8 43. f3 h5 44. Bc8 Qb8 45. Bb7 Bd7 46. Bf2 Bg5 47. Qc1 Bf6 48. Qg1
Qf8 49. Ba7 Bd8 50. Nc6 Bxc6 51. Bxc6 Qe7 52. Bf2 Na6 53. Be1 Nc7 54. Qf1 g5 55.
Bxb5 Na8 56. Bc6 Nb6 57. Qa6 g4 58. fxg4 hxg4 59. hxg4 Qh7+ 60. Kg1 1/2-1/2

[Event "46th Capablanca Memorial Open A"]
[Site "Havana CUB"]
[Date "2011.05.19"]
[Round "8.39"]
[White "Garcia Martinez, Omar"]
[Black "Abreu Jean, Carlos Paul"]
[Result "1-0"]
[WhiteTitle "FM"]
[WhiteElo "2318"]
[BlackElo "2101"]
[WhiteFideId "3500861"]
[BlackFideId "6405525"]
[EventDate "2011.05.11"]

1. e4 Nf6 2. e5 Nd5 3. d4 d6 4. Nf3 dxe5 5. Nxe5 g6 6. Bc4 c6 7. O-O Bg7 8. Bb3
O-O 9. Re1 Be6 10. Nd2 Nd7 11. Ndf3 Bg4 12. h3 Bxf3 13. Nxf3 e6 14. c4 N5b6 15.
Bg5 Qc7 16. Qd2 Rfe8 17. Bf4 e5 18. dxe5 Nxe5 19. Nxe5 Bxe5 20. Rxe5 Rxe5 21. c5
Nd5 22. Bxe5 Qxe5 23. Re1 Qf6 24. Bxd5 cxd5 25. Qxd5 Qxb2 26. g3 Rb8 27. Re7
Qb1+ 28. Kg2 Qf5 29. Qxf5 gxf5 30. Kf3 Kf8 31. Rc7 Kg7 32. Kf4 Kf6 33. Rd7 b6
34. c6 Rc8 35. Rd6+ Ke7 36. Ke5 Rc7 37. a4 a6 38. Kd5 Ra7 39. a5 bxa5 40. Kc5
Ra8 41. c7 f4 42. Kc6 a4 43. Rd1 fxg3 44. fxg3 1-0

[Event "46th Capablanca Memorial Open A"]
[Site "Havana CUB"]
[Date "2011.05.19"]
[Round "8.40"]
[White "Miranda Llanes, Yerisbel"]
[Black "Diaz Hernandez, Heriberto"]
[Result "1/2-1/2"]
[WhiteTitle "WFM"]
[BlackTitle "FM"]
[WhiteElo "2226"]
[BlackElo "2300"]
[WhiteFideId "3507700"]
[BlackFideId "3508498"]
[EventDate "2011.05.11"]

1. d4 d5 2. c4 c6 3. Nc3 Nf6 4. Nf3 e6 5. Bg5 h6 6. Bh4 g5 7. Bg3 dxc4 8. a4 Bb4
9. e3 b5 10. axb5 cxb5 11. Bxb8 Rxb8 12. Rxa7 Nd5 13. Qc2 Ba5 14. Ne5 Bb7 15.
Bxc4 Qb6 16. Bxd5 Qxa7 17. Bxe6 Bxc3+ 18. bxc3 Bxg2 19. Bxf7+ Kd8 20. f3 Qa1+
21. Ke2 Bxh1 22. Qf5 Rb7 23. Bd5 Qb2+ 24. Kd1 Rhh7 25. Qf8+ Kc7 26. Qc5+ Kb8 27.
Nc6+ Kc7 28. Ne7+ Kd8 29. Qd6+ Ke8 30. Bc6+ Kf7 31. Bd5+ Ke8 32. Bc6+ Kf7 33.
Qg6+ Kxe7 34. Qxh7+ Kd6 35. Bxb7 Qxc3 36. Qxh6+ Kc7 37. Qh7+ Kb6 38. Bd5 Qxe3
39. Qb7+ Ka5 40. Qa7+ Kb4 41. Qc5+ Ka5 42. Qa7+ 1/2-1/2

[Event "46th Capablanca Memorial Open A"]
[Site "Havana CUB"]
[Date "2011.05.19"]
[Round "8.41"]
[White "Hernandez Fernandez, Ramon A"]
[Black "Llaudy Pupo, Lisandra"]
[Result "1-0"]
[WhiteTitle "FM"]
[BlackTitle "WIM"]
[WhiteElo "2293"]
[BlackElo "2216"]
[WhiteFideId "3503909"]
[BlackFideId "3506487"]
[EventDate "2011.05.11"]

1. e4 Nf6 2. e5 Nd5 3. d4 d6 4. Nf3 g6 5. Bc4 Nb6 6. Bb3 Bg7 7. Ng5 d5 8. f4 h6
9. Nf3 Bg4 10. h3 Bxf3 11. Qxf3 e6 12. Be3 Nc6 13. c3 Qd7 14. Nd2 Na5 15. Bc2
Nac4 16. Nxc4 Nxc4 17. Bc1 h5 18. O-O Nb6 19. Be3 Nc4 20. Bc1 Nb6 21. b3 c6 22.
Be3 Nc8 23. c4 Ne7 24. c5 Nf5 25. Bf2 h4 26. b4 Bf8 27. a4 Be7 28. b5 O-O 29.
Rfb1 Rfc8 30. bxc6 bxc6 31. Rb4 Rab8 32. Rab1 Qc7 33. Qb3 Rxb4 34. Qxb4 Qd7 35.
Qe1 Ng3 36. Bxg3 hxg3 37. Qxg3 Kg7 38. Qb3 Bd8 39. g4 Ba5 40. f5 exf5 41. gxf5
Rh8 42. f6+ Kg8 43. Kg2 Rh6 44. Qg3 Kh7 45. Rb8 Bc7 46. Rf8 Ba5 47. Qg4 Qb7 48.
Qg5 1-0

[Event "46th Capablanca Memorial Open A"]
[Site "Havana CUB"]
[Date "2011.05.19"]
[Round "8.42"]
[White "Boada, Wiston"]
[Black "Soto Hernandez, Henry"]
[Result "0-1"]
[WhiteTitle "IM"]
[BlackTitle "FM"]
[WhiteElo "2214"]
[BlackElo "2362"]
[WhiteFideId "3900495"]
[BlackFideId "3507475"]
[EventDate "2011.05.11"]

1. e4 e5 2. f4 exf4 3. Nf3 g5 4. Bc4 Bg7 5. d4 d6 6. O-O Nc6 7. c3 h6 8. b4 Nge7
9. h4 d5 10. exd5 Nxd5 11. Qe2+ Be6 12. b5 Nxc3 13. Nxc3 Nxd4 14. Qe4 Nxf3+ 15.
Qxf3 Qd4+ 16. Be3 Qxc4 0-1

[Event "46th Capablanca Memorial Open A"]
[Site "Havana CUB"]
[Date "2011.05.19"]
[Round "8.43"]
[White "Morales Romero, Romaris"]
[Black "Enrique Hernandez, Eddy Ernesto"]
[Result "1-0"]
[WhiteTitle "FM"]
[WhiteElo "2323"]
[BlackElo "2206"]
[WhiteFideId "3502848"]
[BlackFideId "3508765"]
[EventDate "2011.05.11"]

1. d4 d5 2. c4 dxc4 3. Nf3 a6 4. a4 c6 5. Nc3 Bd7 6. e3 b5 7. Ne5 Nf6 8. Qf3 Ra7
9. g4 h6 10. Rg1 g5 11. b3 Qa5 12. Bd2 b4 13. Nxc4 Qc7 14. Ne4 Nxe4 15. Qxe4 a5
16. Ne5 Bg7 17. Nxd7 Qxd7 18. Rc1 Qd6 19. h4 gxh4 20. f4 e6 21. Rc5 Ke7 22. Bg2
Rc8 23. Qh7 Bf6 24. Qc2 Rcc7 25. Ke2 Ra6 26. Qc4 Kd8 27. Rc1 Be7 28. Rh5 Bf8 29.
Be1 Raa7 30. Bxh4+ Ke8 31. Rc5 Ra6 32. Bf6 Qd7 33. Rh5 Be7 34. Be5 Bd6 35. Rxh6
Rb6 36. g5 Bxe5 37. Qc5 Rb5 38. axb5 cxb5 39. Qxe5 Rxc1 40. Rh8+ Ke7 41. Rxb8 1-0

[Event "46th Capablanca Memorial Open A"]
[Site "Havana CUB"]
[Date "2011.05.19"]
[Round "8.44"]
[White "Arribas Robaina, Maritza"]
[Black "Martinez Reyes, Pedro Ramon"]
[Result "1/2-1/2"]
[WhiteTitle "WGM"]
[WhiteElo "2300"]
[BlackElo "2198"]
[WhiteFideId "3501418"]
[BlackFideId "3901807"]
[EventDate "2011.05.11"]

1. e4 c5 2. Nf3 Nc6 3. Bb5 g6 4. O-O Bg7 5. Nc3 e5 6. d3 Nge7 7. Bg5 f6 8. Be3
d6 9. Nd2 O-O 10. f4 Kh8 11. fxe5 Nxe5 12. h3 a6 13. Ba4 f5 14. Bb3 fxe4 15.
Rxf8+ Qxf8 16. Ndxe4 Nf5 17. Bf2 b5 18. Bd5 Rb8 19. Ng5 Qe7 20. Nce4 h6 21. Nf3
Nxf3+ 22. Qxf3 Bxb2 23. Re1 Be5 24. c3 Qg7 25. g4 Ne7 26. Nxc5 dxc5 27. Bxc5
Nxd5 28. Qxd5 Bf6 29. Qd6 Ra8 30. Re8+ Kh7 31. Bd4 Bxd4+ 32. cxd4 Ra7 33. Rxc8
Rd7 34. Qe5 Qxe5 35. dxe5 Rxd3 36. Rc7+ Kg8 37. Rc6 Kf7 38. Rf6+ Kg7 39. Rxa6
Rxh3 40. Kf2 b4 41. Rb6 Rh2+ 42. Kg3 Rxa2 43. Rb7+ Kf8 44. Rxb4 Kf7 45. Rb7+ Ke6
46. Rb6+ Kxe5 47. Rxg6 h5 48. Rg5+ Kf6 49. Rxh5 Kg6 50. Re5 Ra6 51. Kh4 Rb6 52.
Rg5+ Kh6 53. Rg8 Kh7 54. Rf8 Rb7 55. Kh5 Kg7 1/2-1/2

[Event "46th Capablanca Memorial Open A"]
[Site "Havana CUB"]
[Date "2011.05.19"]
[Round "8.45"]
[White "Frometa Castillo, Zirka"]
[Black "Tovio, Israel"]
[Result "0-1"]
[WhiteTitle "WGM"]
[BlackTitle "FM"]
[WhiteElo "2125"]
[BlackElo "2297"]
[WhiteFideId "3501434"]
[BlackFideId "4402049"]
[EventDate "2011.05.11"]

1. d4 Nf6 2. Bf4 g6 3. e3 Bg7 4. Nf3 O-O 5. Nbd2 d6 6. Bc4 Nfd7 7. c3 e5 8. Bg3
Qe8 9. Qc2 Nb6 10. dxe5 Nxc4 11. Nxc4 d5 12. Ncd2 Nc6 13. Qb3 b6 14. Qxd5 Ba6
15. O-O-O Rc8 16. Qb3 Na5 17. Qa3 Be2 18. Rde1 Bd3 19. h4 c5 20. h5 Qe6 21. Rh4 0-1

[Event "46th Capablanca Memorial Open A"]
[Site "Havana CUB"]
[Date "2011.05.19"]
[Round "8.46"]
[White "Romero Nunez, Wendy"]
[Black "Castellanos Sanchez, Carlos M"]
[Result "0-1"]
[WhiteTitle "WFM"]
[BlackTitle "FM"]
[WhiteElo "2132"]
[BlackElo "2293"]
[WhiteFideId "3510174"]
[BlackFideId "3501310"]
[EventDate "2011.05.11"]

1. d4 c5 2. d5 g6 3. c4 Bg7 4. e4 d6 5. Nf3 e5 6. Bd3 Na6 7. a3 Nf6 8. Nc3 O-O
9. O-O Nh5 10. Re1 Nc7 11. b4 b6 12. Rb1 f5 13. Nb5 Nxb5 14. cxb5 f4 15. Be2 Nf6
16. Ng5 Qe7 17. Bc4 Ng4 18. Nf3 cxb4 19. Rxb4 h5 20. h3 Nh6 21. Nd2 Nf7 22. Be2
Ng5 23. Rb3 Bd7 24. a4 Rf6 25. Ba3 Raf8 26. Kh2 Bh6 27. f3 Nf7 28. Rc3 Bg5 29.
Qb3 Bh4 30. Rec1 Bf2 31. Rc7 Ra8 32. R7c2 g5 33. Nf1 Rg6 34. Bd1 Bd4 35. Rc7 Kg7
36. Bb2 Bc5 37. Ba3 Qd8 38. Rc6 g4 39. fxg4 hxg4 40. Bxc5 gxh3 41. gxh3 bxc5 42.
Bh5 Rh6 43. Bxf7 Bxh3 44. Rc3 Bxf1+ 45. Kg1 Qg5+ 46. Kxf1 Rh1+ 47. Ke2 Qg2+ 48.
Kd3 Qf1+ 0-1